| 000 | 00361nam a2200133Ia 4500 | ||
|---|---|---|---|
| 008 | 230917s9999||||xx |||||||||||||| ||und|| | ||
| 040 |
_e93884 _aMAIN |
||
| 041 | _aEnglish | ||
| 082 | _a617.7 K959C | ||
| 100 | _aKulbir Singh | ||
| 245 | 0 | _aComparative study of pre and postoperative axial length of eyeball in cataract surgery | |
| 300 | _av. p. | ||
| 942 | _cTH | ||
| 999 |
_c87360 _d87360 |
||